| 000 | 00750nam a22003010a 4500 | ||
|---|---|---|---|
| 001 | PT58407 | ||
| 003 | AR-LpoUNG | ||
| 005 | 20210131231858.0 | ||
| 008 | 191001s2014||||ag |||||||||||||||||spa d | ||
| 020 |
_a9789870726883 _c$23 |
||
| 040 |
_aAR-LpoUNG _bspa _cAR-LpoUNG _eaacr |
||
| 041 | _aspa | ||
| 044 | _aag | ||
| 082 | 0 | _aA863 723jor | |
| 100 | 1 | _aArlt, Roberto | |
| 245 | 1 | 3 | _aEl jorobadito |
| 250 | _a1ra. ed. | ||
| 260 |
_aBuenos Aires : _bArte Gráfico Editorial Argentino, _c2014. |
||
| 300 |
_a94 p. : _bil. |
||
| 650 | 4 | _aARGENTINA | |
| 650 | 4 | _aFICCION | |
| 650 | 4 | _aLITERATURA | |
| 650 | 4 | _aPROSA | |
| 651 | 4 | _aDOCUMENTOS TEORICOS O METODOLOGICOS | |
| 653 | _aLITERATURA ARGENTINA | ||
| 905 | _a58407 | ||
| 942 | _cLIB | ||
| 999 |
_c12376 _d12376 |
||